| 000 | 00841cam a2200277 i 4500 | ||
|---|---|---|---|
| 001 | 17874 | ||
| 003 | BD-RjUL | ||
| 005 | 20211209000214.0 | ||
| 008 | 140219s1973 stk b 000 1 eng d | ||
| 020 |
_a0050026925 : _a0050026917 |
||
| 035 | _a(BD-RjUL)17932 | ||
| 040 |
_aDLC _cDLC _dDLC _dBD-RjUL _beng |
||
| 041 | _aeng | ||
| 082 | 0 | 0 |
_a822.4 _bETM 1973 |
| 100 | 1 |
_aEtherege, George, _d1636-1691 or 1692. _955168 |
|
| 245 | 1 | 4 |
_aThe man of mode / _cby George Etherege ; edited by John Conaghan. |
| 260 |
_aEdinburgh : _bOliver and Boyd, _c1973. |
||
| 300 |
_a[7], 135 p. ; _c22 cm. |
||
| 490 | 0 | _aThe Fountainwell drama texts ; 23 | |
| 504 | _aBibliography: p. [129]-132. | ||
| 650 | 0 |
_aThe man of mode _955169 |
|
| 700 | 1 |
_aConaghan, John, _eed. _955170 |
|
| 942 |
_2ddc _cBK |
||
| 999 |
_c17874 _d17874 |
||